000 00487ntaaa2200193 4500
003 01
005 20251027202436.0
008 0714s1973 ag 01
040 _aAR-BaBN
_bspa
_cAR-BaBN
_eaacr
_dRIC
082 _a266.0000 C331
100 _aCarver, W. O.
245 _aAll the world in all the word
250 _a1 ed.
260 _aNashville :
_bSunday School Board,
_c1918
300 _a72 p.
500 _ala biblioteca lo posee en castellano
650 _aMisiones
942 _cBK
999 _c19394
_d19394